000 00320nam a2200121Ia 4500
008 190216s9999||||xx |||||||||||||| ||und||
100 _aCharles H Depuy&Amp; Orville L
245 0 _aMolecular Reactions And Photochemistry
260 _bPrentice Hall
_c1988
300 _a150p
650 _aChemistry-Chemistry
942 _cBK
999 _c2700
_d2700